000 nam a22 7a 4500
999 _c10433
_d10433
008 180217b ||||| |||| 00| 0 eng d
100 _aGoyal,Bros.
_96370
245 _aLearning Elementary Science-3
260 _aNew Delhi
_bGoyal Bros
_c2011